书目信息 |
| 题名: |
传媒·语言·社会
|
|
| 作者: | 俞香顺 著 | |
| 分册: | ||
| 出版信息: | 北京 新华出版社 2005 |
|
| 页数: | 314页 | |
| 开本: | 21cm | |
| 丛书名: | 当代传媒与社会 | |
| 单 册: | ||
| 中图分类: | G206.3 | |
| 科图分类: | ||
| 主题词: | 大众传播--影响--社会语言学--研究 , 社会语言学 , 大众传播 , 信息论 , 传播学 | |
| 电子资源: | ||
| ISBN: | 7-5011-7127-0 | |
| 000 | 00952oam2 2200289 450 | |
| 001 | 002988180 | |
| 005 | 20061116092734.51 | |
| 010 | @a7-5011-7127-0@dCNY22.00 | |
| 100 | @a20050616d2005 em y0chiy0110 ea | |
| 101 | 0 | @achi |
| 102 | @aCN@b110000 | |
| 105 | @ay z 000yy | |
| 200 | 1 | @a传媒·语言·社会@9chuan mei · yu yan · she hui@f俞香顺著 |
| 210 | @a北京@c新华出版社@d2005 | |
| 215 | @a314页@d21cm | |
| 225 | 2 | @a当代传媒与社会 |
| 330 | @a本书内容包括:传媒:语言变革的急先锋;传媒:语言变化的风向标;传媒:语言规范化的前沿地;当代传媒语言概论;大众传媒语言与道德文明;传媒语言与法制建设;传媒语言与语言传统;全球化与中国传媒语言。 | |
| 461 | 0 | @12001 @a当代传媒与社会 |
| 606 | 0 | @a大众传播@x影响@x社会语言学@x研究 |
| 606 | 0 | @a社会语言学 |
| 606 | 0 | @a大众传播 |
| 606 | 0 | @a信息论 |
| 606 | 0 | @a传播学 |
| 690 | @aG206.3@v4 | |
| 701 | 0 | @a俞香顺@9yu xiang shun@4著 |
| 801 | 0 | @aCN@bNLC@c20061116 |
| 905 | @a10447@dG206.3@e193 | |
| 传媒·语言·社会/俞香顺著.-北京:新华出版社,2005 |
| 314页;21cm.-(当代传媒与社会) |
| ISBN 7-5011-7127-0:CNY22.00 |
| 本书内容包括:传媒:语言变革的急先锋;传媒:语言变化的风向标;传媒:语言规范化的前沿地;当代传媒语言概论;大众传媒语言与道德文明;传媒语言与法制建设;传媒语言与语言传统;全球化与中国传媒语言。 |
| ● |
| 相关链接 |
|
|
|
|
正题名:传媒·语言·社会
索取号:G206.3/193
 
预约/预借
| 序号 | 登录号 | 条形码 | 馆藏地/架位号 | 状态 | 备注 |
| 1 | 0391209 | 203912098 | 第一样本阅览室/ [索取号:G206.3/193] | 在馆 | |
| 2 | 0391210 | 203912105 | 第四借阅区/ [索取号:G206.3/193] | 在馆 | |
| 3 | 0391211 | 203912114 | 第四借阅区/ [索取号:G206.3/193] | 在馆 | |
| 4 | 0391212 | 203912123 | 第四借阅区/ [索取号:G206.3/193] | 在馆 | |
| 5 | 0391213 | 203912132 | 第四借阅区/ [索取号:G206.3/193] | 在馆 |